Temas de economía de los gobiernos municipales (Registro nro. 496)

Detalles MARC
000 -LEADER
fixed length control field 01522 a2200217 4500
001 - CONTROL NUMBER
control field 12522
005 - DATE AND TIME OF LATEST TRANSACTION
control field 20260407155440.0
008 - FIXED-LENGTH DATA ELEMENTS--GENERAL INFORMATION
fixed length control field 260407a2012 arg spa d
003 - CONTROL NUMBER IDENTIFIER
control field AR-UNSa-BCEJYS
040 ## - CATALOGING SOURCE
Original cataloging agency AR-UNSa-BCEJYS
Language of cataloging spa
Transcribing agency AR-UNSa-BCEJYS
080 ## - UNIVERSAL DECIMAL CLASSIFICATION NUMBER
Universal Decimal Classification number 352
Common auxiliary subdivision Niveles inferiores de la administración. Gobierno local. Administración municipal. Autoridades locales<br/>
020 ## - INTERNATIONAL STANDARD BOOK NUMBER
International Standard Book Number 978-987-02-6003-5
100 1# - MAIN ENTRY--PERSONAL NAME
Personal name Porto, Alberto
245 10 - TITLE STATEMENT
Title Temas de economía de los gobiernos municipales
264 #1 - PRODUCTION, PUBLICATION, DISTRIBUTION, MANUFACTURE, AND COPYRIGHT NOTICE
Place of production, publication, distribution, manufacture Buenos Aires :
Name of producer, publisher, distributor, manufacturer Dunken
Date of production, publication, distribution, manufacture, or copyright notice 2012
300 ## - PHYSICAL DESCRIPTION
Extent 237 p.
Dimensions 22 cm.
505 ## - FORMATTED CONTENTS NOTE
Formatted contents note 1.Introducción - 2. Teoría de los gobiernos locales(subnacionales)- 3. Anatomía del sector público argentino en el último medio siglo - 4. Tamaño del grupo y variables fiscales municipales - 5. Descentralización fiscal en el nivel subnacional de gobierno - 6. La calidad de la administración tributaria como insumo de la función de producción recaudatoria - 7. Riqueza inmobiliaria urbana y su distribución - 8. Política económica y resultados electores.El conflicto rural y el resultado electoral 2009 en las municipalidades de la provincia de Buenos Aires. - 9. Política económica y resultados elctorales. De la elección 2007 a las 2009 y 2011 en las municipalidades de la Provincia de Buenos Aires.
590 ## - LOCAL NOTE (RLIN)
Local note niveau_biblio:m niveau_hierar:0
856 41 - ELECTRONIC LOCATION AND ACCESS
Uniform Resource Identifier <a href="https://biblioeco.unsa.edu.ar/pmb/images/libros/Temas de economia de los gobiernos municipales3-l118907.JPG">https://biblioeco.unsa.edu.ar/pmb/images/libros/Temas de economia de los gobiernos municipales3-l118907.JPG</a>
Link text Imagen de portada
Electronic format type image/jpeg
942 ## - ADDED ENTRY ELEMENTS (KOHA)
Koha item type
Existencias
Withdrawn status Lost status Damaged status Not for loan Home library Current library Shelving location Date acquired Total checkouts Full call number Barcode Date last seen Price effective from Koha item type
        Biblioteca Prof. Eusebio Cleto del Rey Biblioteca Prof. Eusebio Cleto del Rey   07/04/2026   352 P839 L118907 07/04/2026 07/04/2026 Libro